Sports Quiz

Random Sports or University Quiz
Score 0/20 Timer 07:00
1 Play Today
Hint Answer % Correct
NicknameMonarchs
66.8%
ConferenceConference USA
52.9%
CityNorfolk
48.5%
Team ColorODU Blue
46.2%
No. of Women's Varsity Sports10
37.4%
Basketball ArenaTed Constant Convocation Center
26%
No. of Men's Varsity Sports9
24.4%
Primary RivalVirginia Commonwealth
22.3%
Football StadiumS.B. Ballard Stadium
20.4%
StateVirginia
20.2%
Hint Answer % Correct
Sport w/ most NCAA ChampionshipsWomen's Field Hockey (9)
19.5%
MascotBig Blue
18%
Famous Alum: P Justin ____Verlander
17.7%
Team ColorODU Silver
17.5%
Fight SongVictory for Old Dominion!
17.3%
Famous Alum: P _____ LiebermanNancy
16.4%
Primary RivalNorfolk State
14.2%
Athletic DirectorCamden Wood Selig
14.1%
Baseball StadiumBud Metheny Baseball Complex
12.9%
Fight SongFight, Old Dominion!
12.7%
Remove Ads.
Support Sporcle.
Get the best of Sporcle when you Go Orange. This ad-free experience offers more features, more stats, and more fun while also helping to support Sporcle. Thank you for becoming a member.

You're not logged in!

Compare scores with friends on all Sporcle quizzes.
OR
Log In

Show Comments

Extras

Top Quizzes Today


Score Distribution

Your Account Isn't Verified!

In order to create a playlist on Sporcle, you need to verify the email address you used during registration. Go to your Sporcle Settings to finish the process.

Report this User

Report this user for behavior that violates our Community Guidelines.

Details: